Normal view
MARC view
- Life and Times of Akbar Allahabadi
Entry Topical Term
001 - CONTROL NUMBER
- control field: 129579
003 - CONTROL NUMBER IDENTIFIER
- control field: NUST
005 - DATE AND TIME OF LATEST TRANSACTION
- control field: 20250710095457.0
008 - FIXED-LENGTH DATA ELEMENTS
- fixed length control field: 250710|| aca||aabn | a|a d
040 ## - CATALOGING SOURCE
- Original cataloging agency: NUST
- Transcribing agency: NUST
150 ## - HEADING--TOPICAL TERM
- Topical term or geographic name entry element: Life and Times of Akbar Allahabadi
670 ## - SOURCE DATA FOUND
- Source citation: Work cat.: (NUST): Zafar, Dr. Afsah 129578, Akbar Allahabadi: Ek Samaji‑Siyasi Mutala/, 2015.
